<?xml version="1.0" encoding="UTF-8"?>
<record
    xmlns:xsi="http://www.w3.org/2001/XMLSchema-instance"
    xsi:schemaLocation="http://www.loc.gov/MARC21/slim http://www.loc.gov/standards/marcxml/schema/MARC21slim.xsd"
    xmlns="http://www.loc.gov/MARC21/slim">

  <leader>00798nas a2200229 i 4500</leader>
  <controlfield tag="001">2295</controlfield>
  <controlfield tag="003">ES-MaACL</controlfield>
  <controlfield tag="005">20250728100638.0</controlfield>
  <controlfield tag="008">950801c1879    ii  |         |  1 ||ng d</controlfield>
  <datafield tag="080" ind1=" " ind2=" ">
    <subfield code="a">141.332</subfield>
  </datafield>
  <datafield tag="245" ind1="0" ind2="4">
    <subfield code="a">The Theosophist </subfield>
    <subfield code="b">: a magazine of brotherhood oriental philosophy, art, literature and occultism / </subfield>
    <subfield code="c">edited by Annie Besant.</subfield>
  </datafield>
  <datafield tag="260" ind1=" " ind2=" ">
    <subfield code="a">Adyar, Madras, India : </subfield>
    <subfield code="b">Theosophical Publishing House, </subfield>
    <subfield code="c">1879- (</subfield>
    <subfield code="f">A.K. Sitarana Shastri)</subfield>
  </datafield>
  <datafield tag="300" ind1=" " ind2=" ">
    <subfield code="a">v ; </subfield>
    <subfield code="c">25 cm.</subfield>
  </datafield>
  <datafield tag="310" ind1=" " ind2=" ">
    <subfield code="a">Mensual</subfield>
  </datafield>
  <datafield tag="362" ind1="0" ind2=" ">
    <subfield code="a">V. I (oct. 1879-)</subfield>
  </datafield>
  <datafield tag="650" ind1=" " ind2="7">
    <subfield code="a">Teosof&#xED;a</subfield>
    <subfield code="2">embne</subfield>
    <subfield code="9">17478</subfield>
  </datafield>
  <datafield tag="700" ind1="1" ind2=" ">
    <subfield code="a">Besant, Annie (</subfield>
    <subfield code="d">1874-1933)</subfield>
    <subfield code="9">28566</subfield>
  </datafield>
  <datafield tag="700" ind1="1" ind2=" ">
    <subfield code="a">Arundale, George S., </subfield>
    <subfield code="e">dir.</subfield>
    <subfield code="9">227638</subfield>
  </datafield>
  <datafield tag="852" ind1=" " ind2=" ">
    <subfield code="a">ES-MaACL</subfield>
    <subfield code="j">Z-136   </subfield>
    <subfield code="x">Olim: Hem-1401</subfield>
  </datafield>
  <datafield tag="866" ind1=" " ind2="1">
    <subfield code="o">(1934)(1935f.oct.-dic.).</subfield>
  </datafield>
  <datafield tag="999" ind1=" " ind2=" ">
    <subfield code="c">2295</subfield>
    <subfield code="d">2295</subfield>
  </datafield>
  <datafield tag="952" ind1=" " ind2=" ">
    <subfield code="0">0</subfield>
    <subfield code="1">0</subfield>
    <subfield code="4">0</subfield>
    <subfield code="7">0</subfield>
    <subfield code="8">Hemeroteca</subfield>
    <subfield code="a">ATENEOM</subfield>
    <subfield code="b">ATENEOM</subfield>
    <subfield code="c">DEPOZ</subfield>
    <subfield code="d">2008-01-17</subfield>
    <subfield code="e">SC</subfield>
    <subfield code="l">0</subfield>
    <subfield code="o">Z-136</subfield>
    <subfield code="p">1002336</subfield>
    <subfield code="r">2023-02-23 00:00:00</subfield>
    <subfield code="w">2023-02-23</subfield>
    <subfield code="y">PERIODICA</subfield>
  </datafield>
</record>
